|
|
|
|
| LEADER |
01294nam a2200325 a 4500 |
| 001 |
c000021576 |
| 003 |
CARM |
| 005 |
00000000000000.0 |
| 008 |
920218s1992 enk 00010 eng d |
| 015 |
|
|
|a b92Z0652
|
| 019 |
1 |
|
|a 8919921
|5 LACONCORD2021
|
| 020 |
|
|
|a 1855670089 :
|c L.22.50
|
| 035 |
|
|
|a (OCoLC)25808638
|5 LACONCORD2021
|
| 040 |
|
|
|d ANL
|
| 043 |
|
|
|a aw-----
|a e-ur---
|a ap-----
|
| 100 |
1 |
|
|a Golan, Galia.
|
| 245 |
1 |
0 |
|a Moscow and the Middle East :
|b new thinking on regional conflict /
|c Galia Golan.
|
| 260 |
|
|
|a [London] :
|b Royal Institute of International Affairs ;
|a London :
|b Pinter,
|c 1992.
|
| 300 |
|
|
|a [vii], 102 p. ;
|c 23 cm.
|
| 490 |
1 |
|
|a Chatham House papers
|
| 650 |
|
0 |
|a Israel-Arab conflicts.
|
| 651 |
|
0 |
|a Middle East
|x Foreign relations
|z Soviet Union.
|
| 651 |
|
0 |
|a Persian Gulf Region
|x Politics and government.
|
| 651 |
|
0 |
|a Soviet Union
|x Foreign relations
|z Middle East.
|
| 710 |
2 |
0 |
|a Royal Institute of International Affairs (Great Britain)
|
| 830 |
|
0 |
|a Chatham House papers (Unnumbered)
|
| 852 |
8 |
|
|b CARM
|h A2:AE29B0
|i B00141
|p 0005399
|f BK
|
| 082 |
0 |
4 |
|a 327.47056
|2 12
|
| 999 |
f |
f |
|i 6b084327-8e0c-5d7d-a153-990136d789b2
|s ac1ec32a-ee19-5790-93e5-d1dac565f60d
|
| 952 |
f |
f |
|p Can circulate
|a CAVAL
|b CAVAL
|c CAVAL
|d CARM 1 Store
|e B00141
|f A2:AE29B0
|h Other scheme
|i book
|m 0005399
|